[Event "BL 0405 Erfurter SK - SC Baden Oos"]
[Site "?"]
[Date "2004.11.28"]
[Round "4.6"]
[White "Mueller, Matthias"]
[Black "Schlosser, Philipp"]
[Result "1/2-1/2"]
[WhiteElo "2362"]
[BlackElo "2570"]
[PlyCount "46"]
[EventDate "2004.??.??"]

1. e4 c5 2. Nf3 d6 3. d4 Nf6 4. Nc3 cxd4 5. Nxd4 a6 6. Bg5 e6 7. f4 Qb6 8. Qd2
Qxb2 9. Rb1 Qa3 10. f5 Nc6 11. fxe6 fxe6 12. Nxc6 bxc6 13. Be2 Be7 14. O-O Qa5
15. Bf3 Ra7 16. e5 Qxe5 17. Bxc6+ Kf7 18. Be3 Rc7 19. Bd4 Qh5 20. Bf3 Qa5 21.
Rb3 d5 22. Kh1 Rb7 23. Bh5+ Kg8 1/2-1/2

[Event "BL 0405 Erfurter SK - SC Baden Oos"]
[Site "?"]
[Date "2004.11.28"]
[Round "4.7"]
[White "Buhmann, Rainer"]
[Black "Voekler, Bernd"]
[Result "1-0"]
[WhiteElo "2521"]
[BlackElo "2376"]
[PlyCount "71"]
[EventDate "2004.??.??"]

1. Nf3 Nf6 2. c4 g6 3. Nc3 Bg7 4. e4 d6 5. d4 O-O 6. Be2 e5 7. O-O Nc6 8. d5
Ne7 9. b4 Nh5 10. Re1 a5 11. Ba3 f5 12. Qb3 Kh8 13. bxa5 Rxa5 14. Bb4 Ra8 15.
c5 Nf4 16. Bf1 h6 17. Nd2 fxe4 18. Ndxe4 Nf5 19. Nb5 c6 20. dxc6 bxc6 21. Nbxd6
Be6 22. Qb2 Nd4 23. Bc3 Bd5 24. Re3 Qd7 25. Qd2 Qe6 26. Ng3 Qg8 27. a4 Nfe6 28.
Nc4 Nb3 29. Qb2 Nxa1 30. Nxe5 Bxe5 31. Bxe5+ Kh7 32. Qxa1 Nxc5 33. Bd6 Nb3 34.
Qc3 Rfe8 35. Nh5 Rxe3 36. fxe3 1-0

[Event "BL 0405 Preetzer TSV - SV Hofheim"]
[Site "?"]
[Date "2004.11.27"]
[Round "3.1"]
[White "Hickl, Joerg"]
[Black "Rasmussen, Karsten"]
[Result "1-0"]
[WhiteElo "2530"]
[BlackElo "2462"]
[PlyCount "93"]
[EventDate "2004.??.??"]

1. e4 c6 2. d3 d5 3. Nd2 e5 4. Ngf3 Bd6 5. g3 Nf6 6. Bg2 O-O 7. O-O Re8 8. b3
a5 9. a3 Nbd7 10. Bb2 Qc7 11. Re1 dxe4 12. dxe4 b5 13. Nh4 Bf8 14. Qf3 Nc5 15.
Nf5 g6 16. Ne3 Bg7 17. a4 Bb7 18. Nef1 Nfd7 19. h4 Ne6 20. h5 Nd4 21. Qd1 Rad8
22. Bc3 b4 23. Bxd4 exd4 24. f4 Nb6 25. e5 Nd5 26. Nc4 Nc3 27. Qf3 Ba8 28. hxg6
hxg6 29. Nfd2 Bf8 30. Qd3 Bb7 31. Ne4 Nxe4 32. Bxe4 Ba6 33. Kg2 c5 34. Bxg6
fxg6 35. Qxg6+ Qg7 36. Qxa6 d3 37. cxd3 Rxd3 38. Re3 Rd4 39. Rf1 Qf7 40. Qc6
Re6 41. Qf3 Rh6 42. Rh1 Rxh1 43. Kxh1 Qh7+ 44. Kg2 Qc2+ 45. Re2 Qb1 46. e6 Be7
47. Qh5 1-0

[Event "BL 0405 Preetzer TSV - SV Hofheim"]
[Site "?"]
[Date "2004.11.27"]
[Round "3.2"]
[White "Pedersen, Steffen"]
[Black "Ginsburg, Gennadi"]
[Result "1/2-1/2"]
[WhiteElo "2441"]
[BlackElo "2481"]
[PlyCount "177"]
[EventDate "2004.??.??"]

1. d4 d5 2. c4 e6 3. Nc3 Be7 4. Nf3 Nf6 5. Bg5 h6 6. Bh4 O-O 7. e3 b6 8. Be2
Bb7 9. Bxf6 Bxf6 10. cxd5 exd5 11. b4 c6 12. O-O Qd6 13. Qb3 Nd7 14. a4 a5 15.
bxa5 Rxa5 16. Rfe1 Ba6 17. e4 Bxe2 18. Rxe2 dxe4 19. Nxe4 Qc7 20. Rae1 Bd8 21.
Qc2 Nf6 22. Ne5 c5 23. Nc4 Ra8 24. Nxf6+ Bxf6 25. d5 g6 26. g3 Rad8 27. d6 Qc6
28. Qb3 h5 29. h4 Bd4 30. Kh2 Qd5 31. Qd3 Kg7 32. Re7 Qc6 33. R1e6 Kh8 34. Re2
Rd7 35. Rxd7 Qxd7 36. Qf3 Kg7 37. Re7 Qxa4 38. Nxb6 Qc2 39. Kg2 Bf6 40. Rd7 Rd8
41. Nd5 Rxd7 42. Qxf6+ Kh7 43. Qf4 Qb2 44. Nf6+ Kg7 45. Nxd7 Qb7+ 46. Kh2 Qxd7
47. Qe5+ f6 48. Qxc5 Kf7 49. Qd5+ Qe6 50. Qc6 Kf8 51. Qa8+ Kf7 52. Qd8 Qe8 53.
Qc7+ Ke6 54. Kg2 Qd7 55. Qc4+ Kxd6 56. Qd3+ Ke7 57. Qxg6 Qd5+ 58. Kh2 Qf3 59.
Qg7+ Ke6 60. Qa7 Kf5 61. Qd4 Kg6 62. Kg1 Kg7 63. Kf1 Kf7 64. Ke1 Kg7 65. Kd2
Kf7 66. Qd7+ Kf8 67. Qa7 Kg8 68. Qb8+ Kg7 69. Qc7+ Kg6 70. Qc2+ Kg7 71. Qc5 Kg6
72. Qe3 Qa8 73. Ke2 Kg7 74. Qe7+ Kg6 75. Ke3 Qb8 76. Qe4+ Kg7 77. Kf3 Qb3+ 78.
Kg2 Qb5 79. g4 hxg4 80. Qxg4+ Kh6 81. Qe4 Qa5 82. Qe6 Kg7 83. Qe7+ Kg6 84. Qe8+
Kg7 85. Qe4 Qb5 86. Kg3 Qb8+ 87. Kh3 Qb2 88. Qg4+ Kh6 89. Qf5 1/2-1/2

[Event "BL 0405 Preetzer TSV - SV Hofheim"]
[Site "?"]
[Date "2004.11.27"]
[Round "3.3"]
[White "Krivoshey, Sergei"]
[Black "Fries Nielsen, Jens Ove"]
[Result "1/2-1/2"]
[WhiteElo "2499"]
[BlackElo "2379"]
[PlyCount "27"]
[EventDate "2004.??.??"]

1. Nf3 d5 2. d4 e6 3. c4 Nf6 4. Nc3 Bb4 5. Bg5 h6 6. Bh4 g5 7. Bg3 Ne4 8. Nd2
Nxc3 9. bxc3 Bxc3 10. Rc1 Bb2 11. Rc2 Bxd4 12. e3 Bg7 13. cxd5 exd5 14. Bxc7
1/2-1/2

[Event "BL 0405 Preetzer TSV - SV Hofheim"]
[Site "?"]
[Date "2004.11.27"]
[Round "3.4"]
[White "Skytte, Rasmus"]
[Black "Zude, Arno"]
[Result "1/2-1/2"]
[WhiteElo "2392"]
[BlackElo "2398"]
[PlyCount "46"]
[EventDate "2004.??.??"]

1. Nc3 e5 2. Nf3 Nc6 3. d4 exd4 4. Nxd4 Nf6 5. Bg5 Bc5 6. e3 h6 7. Bh4 O-O 8.
Be2 Nxd4 9. exd4 Be7 10. O-O d5 11. Bd3 c6 12. Re1 Re8 13. Qd2 Bd7 14. Re3 Nh7
15. Bxe7 Rxe7 16. Rae1 Rxe3 17. Rxe3 Nf6 18. h3 Qc7 19. Ne2 Re8 20. Rxe8+ Bxe8
21. c3 Bd7 22. Qf4 Qxf4 23. Nxf4 Kf8 1/2-1/2

[Event "BL 0405 Preetzer TSV - SV Hofheim"]
[Site "?"]
[Date "2004.11.27"]
[Round "3.5"]
[White "Houska, Jovanka"]
[Black "Wisnewski, Christoph"]
[Result "0-1"]
[WhiteElo "2298"]
[BlackElo "2392"]
[PlyCount "92"]
[EventDate "2004.??.??"]

1. e4 Nc6 2. Nf3 Nf6 3. Nc3 d5 4. exd5 Nxd5 5. g3 Bg4 6. Bg2 e6 7. h3 Bh5 8.
O-O Be7 9. d4 Nb6 10. Ne2 O-O 11. c3 Nd5 12. Nf4 Nxf4 13. Bxf4 Rb8 14. Qb3 Bd6
15. Be3 b5 16. a4 Na5 17. Qc2 Bg6 18. Qe2 Nb3 19. axb5 Nxa1 20. Rxa1 Be4 21.
Rxa7 Ra8 22. Bg5 Qb8 23. Rxa8 Qxa8 24. c4 h6 25. Bd2 Qa1+ 26. Be1 Bxf3 27. Bxf3
Bb4 28. Kf1 Rd8 29. Qd1 Qxd1 30. Bxd1 Bxe1 31. Kxe1 Rxd4 32. b3 Kf8 33. Be2 Ke7
34. c5 Rd5 35. c6 Kd6 36. Bc4 Re5+ 37. Kd2 Kc5 38. f4 Rh5 39. h4 Kb6 40. Kd3
Rxb5 41. g4 Kxc6 42. Ke4 Ra5 43. f5 Kd6 44. Kf4 e5+ 45. Ke4 f6 46. Ke3 Ra1 0-1

[Event "BL 0405 Preetzer TSV - SV Hofheim"]
[Site "?"]
[Date "2004.11.27"]
[Round "3.6"]
[White "Junge, Kai"]
[Black "Pirrot, Dieter"]
[Result "1-0"]
[WhiteElo "2259"]
[BlackElo "2398"]
[PlyCount "65"]
[EventDate "2004.??.??"]

1. Nf3 Nc6 2. c4 e5 3. Nc3 Nf6 4. d4 exd4 5. Nxd4 Bb4 6. Bg5 h6 7. Bh4 g5 8.
Nxc6 dxc6 9. Qxd8+ Kxd8 10. Bg3 Bxc3+ 11. bxc3 Ne4 12. f3 Nxg3 13. hxg3 Ke7 14.
e4 f6 15. Kf2 Be6 16. Ke3 Kd6 17. Rd1+ Kc5 18. Rd4 a6 19. f4 b5 20. f5 Bg8 21.
Be2 bxc4 22. Rd7 Rb8 23. Rxc7 Rb2 24. Rc8 Rc2 25. e5 Rxc3+ 26. Kf2 Rc2 27. exf6
c3 28. f7 Bxf7 29. Rxh8 Bc4 30. Re8 Rxa2 31. Rc1 Kd4 32. f6 a5 33. Re7 1-0

[Event "BL 0405 Preetzer TSV - SV Hofheim"]
[Site "?"]
[Date "2004.11.27"]
[Round "3.7"]
[White "Zude, Erik Dr"]
[Black "Willsch, Matthias"]
[Result "1-0"]
[WhiteElo "2385"]
[BlackElo "2250"]
[PlyCount "71"]
[EventDate "2004.??.??"]

1. d4 d5 2. c4 Nc6 3. cxd5 Qxd5 4. e3 e5 5. Nc3 Bb4 6. Bd2 Bxc3 7. bxc3 Nf6 8.
c4 Qd6 9. d5 Ne7 10. f3 O-O 11. e4 Nd7 12. Ne2 Nc5 13. Nc3 c6 14. Be2 f5 15.
O-O f4 16. Bc1 Bd7 17. Ba3 b6 18. Na4 Rfc8 19. Nxc5 bxc5 20. Qe1 Rab8 21. Qf2
cxd5 22. cxd5 Bb5 23. Rfc1 Qa6 24. Bxb5 Qxa3 25. Bd7 Rb2 26. Rc2 Rcb8 27. Rac1
c4 28. Qd2 Rxc2 29. Qxc2 Qc5+ 30. Kf1 Kf8 31. Qxc4 Qxc4+ 32. Rxc4 Rb1+ 33. Ke2
Rb2+ 34. Kd3 Rxg2 35. d6 Ng8 36. Be6 1-0

[Event "BL 0405 Hamburger SK - SG Köln Porz"]
[Site "?"]
[Date "2004.11.27"]
[Round "3.1"]
[White "Lutz, Christopher"]
[Black "Kempinski, Robert"]
[Result "1-0"]
[WhiteElo "2596"]
[BlackElo "2608"]
[PlyCount "57"]
[EventDate "2004.??.??"]

1. e4 c5 2. Nf3 d6 3. d4 cxd4 4. Nxd4 Nf6 5. Nc3 a6 6. Be3 Ng4 7. Bg5 h6 8. Bh4
g5 9. Bg3 Bg7 10. h3 Nf6 11. Be2 Qb6 12. Nb3 Be6 13. Qd2 a5 14. f3 Nc6 15. Bf2
Qc7 16. Nd4 Nh5 17. Ndb5 Qd8 18. g3 a4 19. f4 Nf6 20. O-O-O a3 21. b3 Qa5 22.
Kb1 Nb4 23. Bd4 Rc8 24. Qe3 O-O 25. fxg5 hxg5 26. h4 Nc6 27. hxg5 Nxd4 28. gxf6
Nxb5 29. Rh8+ 1-0

[Event "BL 0405 Hamburger SK - SG Köln Porz"]
[Site "?"]
[Date "2004.11.27"]
[Round "3.4"]
[White "Wahls, Matthias"]
[Black "Hansen, Curt"]
[Result "1/2-1/2"]
[WhiteElo "2551"]
[BlackElo "2633"]
[PlyCount "74"]
[EventDate "2004.??.??"]

1. c4 e5 2. g3 Nf6 3. Bg2 Nc6 4. Nc3 Bb4 5. Nd5 Bc5 6. d3 O-O 7. Nf3 h6 8. a3
a6 9. b4 Ba7 10. Be3 Bxe3 11. Nxe3 d6 12. O-O Re8 13. Qd2 Ne7 14. Nh4 c6 15.
Qb2 Be6 16. c5 Ng4 17. Nc2 Qc7 18. cxd6 Qxd6 19. Nf3 Ng6 20. Nd2 Nf6 21. Nb3
Bd5 22. Bh3 e4 23. d4 h5 24. Rfd1 Nh7 25. Ne3 Ng5 26. Bg2 h4 27. Na5 Qd7 28.
Nac4 Bxc4 29. Nxc4 Nh3+ 30. Kf1 Qf5 31. e3 Re6 32. Qc2 Rf6 33. f4 exf3 34. Qxf5
fxg2+ 35. Kxg2 Rxf5 36. Kxh3 hxg3 37. hxg3 Rd8 1/2-1/2

[Event "BL 0405 Hamburger SK - SG Köln Porz"]
[Site "?"]
[Date "2004.11.27"]
[Round "3.5"]
[White "Van den Doel, Erik"]
[Black "Reeh, Oliver"]
[Result "1-0"]
[WhiteElo "2560"]
[BlackElo "2464"]
[PlyCount "119"]
[EventDate "2004.??.??"]

1. e4 c5 2. Nf3 d6 3. d4 cxd4 4. Nxd4 Nf6 5. Nc3 Nc6 6. Bg5 e6 7. Qd2 a6 8.
O-O-O Bd7 9. Nxc6 Bxc6 10. Qe1 Be7 11. e5 Nd5 12. Bxe7 Qxe7 13. Ne4 dxe5 14. c4
O-O 15. cxd5 exd5 16. Ng3 Rad8 17. Kb1 d4 18. Bd3 g6 19. Be4 Bb5 20. h4 f5 21.
Bc2 h5 22. f3 Kh7 23. Bd3 Bc6 24. Rd2 Rde8 25. Re2 Qd6 26. Rf1 Rf7 27. Qd2 Qf6
28. Qg5 Qxg5 29. hxg5 Rfe7 30. Rh1 Kg8 31. Rd2 Rd8 32. Rh4 Kf7 33. Bc2 Rc7 34.
Rh1 Ke6 35. Re1 Re7 36. Ne2 Kf7 37. Bb3+ Kf8 38. Red1 Red7 39. Bc2 Kg7 40. f4
d3 41. Rxd3 Rxd3 42. Bxd3 Bxg2 43. fxe5 Bf3 44. Kc2 h4 45. Rf1 Bc6 46. Nf4 Rh8
47. Rf2 h3 48. Rh2 Rh4 49. Nxh3 Kf7 50. Bf1 Ke6 51. Rd2 Kxe5 52. Rd8 f4 53. Kd2
Be4 54. Nf2 Bf5 55. Rb8 Rh2 56. Ke2 Bd7 57. Rxb7 Bb5+ 58. Ke1 Kd4 59. Bxb5 axb5
60. Rxb5 1-0

[Event "BL 0405 Hamburger SK - SG Köln Porz"]
[Site "?"]
[Date "2004.11.27"]
[Round "3.7"]
[White "Kengis, Edwin"]
[Black "Langrock, Hannes"]
[Result "1/2-1/2"]
[WhiteElo "2543"]
[BlackElo "2407"]
[PlyCount "107"]
[EventDate "2004.??.??"]

1. Nf3 b6 2. g3 Bb7 3. Bg2 Nf6 4. c4 e6 5. O-O Be7 6. Nc3 O-O 7. Re1 Ne4 8. Qc2
Nxc3 9. dxc3 g6 10. Bh6 Re8 11. h4 d6 12. h5 Bf6 13. e4 Nd7 14. Rad1 e5 15. Bh3
Nc5 16. b4 Ne6 17. hxg6 hxg6 18. Qc1 Qe7 19. Bg2 a5 20. a3 Ra7 21. Nh2 Bg5 22.
Bxg5 Qxg5 23. Qxg5 Nxg5 24. Ng4 Kg7 25. c5 bxc5 26. bxc5 dxc5 27. f3 Bc6 28.
Ne3 a4 29. Nc4 Raa8 30. Kf2 Re7 31. Ke3 f6 32. Rb1 Nf7 33. Bf1 Ree8 34. Nb2
Reb8 35. Nd3 Rb3 36. Rxb3 axb3 37. Nxc5 Rxa3 38. Rb1 b2 39. Ne6+ Kh7 40. Kd2
Ra1 41. Kc2 f5 42. Bd3 fxe4 43. fxe4 Rxb1 44. Kxb1 Nd6 45. Kxb2 Kh6 46. Nxc7
Nxe4 47. Bxe4 Bxe4 48. Kc1 Kg5 49. Kd2 Kg4 50. Ke3 Bc6 51. Kf2 Kf5 52. Ke3 Kg4
53. Kf2 Kf5 54. Ke3 1/2-1/2

[Event "BL 0405 Hamburger SK - SG Köln Porz"]
[Site "?"]
[Date "2004.11.27"]
[Round "3.8"]
[White "Sebastian, Dirk"]
[Black "Van der Wiel, John T.H"]
[Result "1/2-1/2"]
[WhiteElo "2371"]
[BlackElo "2493"]
[PlyCount "105"]
[EventDate "2004.??.??"]

1. e4 {0} c5 2. Nf3 Nc6 3. Nc3 d6 4. d4 cxd4 5. Nxd4 Nf6 6. Be2 g6 7. Be3 Bg7
8. Qd2 Ng4 9. Bxg4 Bxg4 10. f4 Bd7 11. O-O O-O 12. Nd5 Be6 13. c4 Bxd5 14. exd5
Nxd4 15. Bxd4 Bxd4+ 16. Qxd4 Qb6 17. Qxb6 axb6 18. a4 Rfe8 19. b3 e6 {(=)} 20.
dxe6 Rxe6 21. Rfe1 Kf8 22. Kf2 Ke7 23. Rad1 Ra5 24. Re3 Kd7 25. Rd5 Kc6 26.
Red3 h5 27. g3 Rc5 28. h3 Kc7 29. R3d4 Rxd5 30. Rxd5 f5 31. g4 hxg4 32. hxg4
fxg4 33. Rg5 Re4 34. Rxg4 g5 35. Rxg5 Rxf4+ 36. Ke3 Rf1 37. Rg3 Kc6 38. Kd4
Rf4+ 39. Kc3 Rh4 40. Rg5 Rh3+ 41. Kb4 Rf3 42. Rg1 Rh3 43. Rg5 Rf3 44. Rd5 Re3
45. Ka3 Rh3 46. Kb2 Rh4 47. Kc3 Rh3+ 48. Rd3 Rxd3+ 49. Kxd3 Kc5 50. Kc3 d5 51.
cxd5 Kxd5 52. Kb4 Kd4 53. Kb5 1/2-1/2

[Event "BL 0405 SV Wattenscheid - SF Katernberg"]
[Site "?"]
[Date "2004.11.27"]
[Round "3.2"]
[White "Macieja, Bartlomiej"]
[Black "Naiditsch, Arkadij"]
[Result "1-0"]
[WhiteElo "2613"]
[BlackElo "2611"]
[PlyCount "49"]
[EventDate "2004.??.??"]

1. d4 Nf6 2. Nf3 c5 3. c4 e6 4. Nc3 cxd4 5. Nxd4 d5 6. e3 Be7 7. Be2 dxc4 8.
Bxc4 Bd7 9. O-O Nc6 10. e4 a6 11. a3 O-O 12. Bf4 b5 13. Ba2 Qb6 14. Nf3 Rfd8
15. e5 Bc8 16. Qe2 Nd5 17. Nxd5 exd5 18. Rad1 Be6 19. Ng5 Bxg5 20. Bxg5 Rd7 21.
Kh1 d4 22. Bb1 Bc4 23. Qg4 Raa7 24. Bxh7+ Kf8 25. Bf6 1-0

[Event "BL 0405 SV Wattenscheid - SF Katernberg"]
[Site "?"]
[Date "2004.11.27"]
[Round "3.3"]
[White "Glek, Igor V"]
[Black "Rustemov, Alexander"]
[Result "1/2-1/2"]
[WhiteElo "2580"]
[BlackElo "2602"]
[PlyCount "115"]
[EventDate "2004.??.??"]

1. e4 e6 2. d4 d5 3. Nd2 c5 4. Ngf3 a6 5. dxc5 Bxc5 6. Bd3 Nc6 7. O-O Nge7 8.
exd5 exd5 9. Nb3 Bd6 10. c3 O-O 11. Re1 h6 12. h3 Bf5 13. Bxf5 Nxf5 14. Qd3 Qd7
15. Be3 Nxe3 16. Rxe3 Bf4 17. Re2 Rad8 18. Rd1 Qc7 19. Qf5 Bd6 20. Nbd4 g6 21.
Qg4 h5 22. Qg5 Bf4 23. Qf6 Qd6 24. Qxd6 Rxd6 25. Nb3 b5 26. Nc5 Na5 27. Re7 Rc8
28. Nd3 Bh6 29. Nfe5 Rf8 30. Nb4 Bg7 31. Rxd5 Rxd5 32. Nxd5 Bxe5 33. Rxe5 Nc4
34. Re2 Rd8 35. Ne3 Nxe3 36. fxe3 Rd1+ 37. Kf2 Kg7 38. Re1 Rd2+ 39. Re2 Rd1 40.
Rc2 Kf6 41. Ke2 Rg1 42. Kd3 Ke5 43. b3 Kd5 44. c4+ bxc4+ 45. Rxc4 Rxg2 46. Ra4
Kc5 47. Rxa6 Rh2 48. Ra7 Rxh3 49. Rxf7 h4 50. Rf4 Rh1 51. Ke4 h3 52. Kf3 Rh2
53. Rc4+ Kd5 54. Rg4 Rxa2 55. Rg5+ Ke6 56. Rxg6+ Kf5 57. Rh6 h2 58. Kg3 1/2-1/2

[Event "BL 0405 SV Wattenscheid - SF Katernberg"]
[Site "?"]
[Date "2004.11.27"]
[Round "3.5"]
[White "Smagin, Sergey"]
[Black "Handke, Florian"]
[Result "1/2-1/2"]
[WhiteElo "2565"]
[BlackElo "2467"]
[PlyCount "143"]
[EventDate "2004.??.??"]

1. e4 c5 2. Nf3 e6 3. c3 Nf6 4. e5 Nd5 5. d4 cxd4 6. cxd4 d6 7. Bc4 Nc6 8. O-O
Be7 9. Qe2 O-O 10. Qe4 Bd7 11. Bd3 f5 12. exf6 Nxf6 13. Qe2 d5 14. Nc3 Bd6 15.
a3 a6 16. b4 b5 17. Be3 Qe8 18. Rac1 e5 19. dxe5 Nxe5 20. Nxe5 Bxe5 21. f4 Bg4
22. Qe1 Bxc3 23. Rxc3 Qd7 24. Bd4 Bf5 25. Bxf5 Qxf5 26. Qe5 Qg6 27. f5 Qe8 28.
Qe6+ Rf7 29. Rg3 Nh5 30. Re3 Qxe6 31. Rxe6 Nf6 32. Rc1 Ne4 33. Re5 Nd6 34. g4
Nc4 35. Rxd5 Nxa3 36. Rc6 Nc4 37. Bc5 a5 38. bxa5 Nxa5 39. Ra6 Rff8 40. Rb6
Rfb8 41. Re6 Rd8 42. Rxd8+ Rxd8 43. Rb6 Nb3 44. Bb4 Nd4 45. Kf2 h5 46. h3 hxg4
47. hxg4 Re8 48. Bc5 Re4 49. Kg3 Ne2+ 50. Kf3 Rc4 51. Rb8+ Kh7 52. Bf8 Nd4+ 53.
Kg3 Rc3+ 54. Kf4 Rc4 55. Kg5 Nf3+ 56. Kh5 Rc1 57. g5 Rh1+ 58. Kg4 Ne5+ 59. Kf4
Nd7 60. Rd8 Rf1+ 61. Ke4 Re1+ 62. Kd4 Nxf8 63. Rxf8 Rg1 64. g6+ Kh6 65. Rb8 b4
66. Kd5 Re1 67. Rxb4 Kg5 68. Rb7 Rf1 69. Re7 Rxf5+ 70. Ke4 Kxg6 71. Rxg7+ Kxg7
72. Kxf5 1/2-1/2

[Event "BL 0405 SV Wattenscheid - SF Katernberg"]
[Site "?"]
[Date "2004.11.27"]
[Round "3.6"]
[White "Appel, Ralf"]
[Black "Kritz, Leonid"]
[Result "0-1"]
[WhiteElo "2507"]
[BlackElo "2543"]
[PlyCount "166"]
[EventDate "2004.??.??"]

1. d4 Nf6 2. Nf3 e6 3. Bg5 c5 4. c3 b6 5. e4 h6 6. Bxf6 Qxf6 7. Bd3 cxd4 8.
cxd4 Bb4+ 9. Nbd2 Nc6 10. e5 Qe7 11. O-O Bxd2 12. Qxd2 Bb7 13. Be4 O-O 14. d5
exd5 15. Bxd5 Rad8 16. Rac1 Ba6 17. Rfe1 Qb4 18. Rc3 Ne7 19. Bb3 Nc6 20. a3 Qe7
21. Qf4 Na5 22. Ba2 Rc8 23. Rxc8 Rxc8 24. Nd4 Bc4 25. Nf5 Qe6 26. Bb1 Kh8 27.
Nd6 Rc6 28. Qh4 f6 29. f4 fxe5 30. fxe5 Qg8 31. Qe7 Rc7 32. Nf5 Nc6 33. Qd6 Rc8
34. Qxd7 Be6 35. Qd3 Qh7 36. Qe4 Bxf5 37. Qxf5 Qxf5 38. Bxf5 Re8 39. e6 Nd4 40.
Bh3 Kg8 41. Re4 Nb3 42. Rc4 Re7 43. Rc8+ Kh7 44. Rc3 Nc5 45. b4 Nb7 46. Rd3 Kg6
47. g3 Kf6 48. Bg2 Rc7 49. Rd7 Rxd7 50. exd7 Nd8 51. Kf2 Ke7 52. Bh3 Nf7 53.
Ke3 g6 54. Kd4 Kd6 55. Kc4 Kc6 56. Be6 Nd8 57. Bd5+ Kxd7 58. Kb5 Kd6 59. Be4 g5
60. Ka6 Nf7 61. Kxa7 Kc7 62. a4 Ne5 63. Ka6 Nc4 64. Bf3 Nd2 65. Be2 Nb3 66. g4
Nd4 67. Bf1 Nc2 68. b5 Ne3 69. Ka7 Nd5 70. Bc4 Ne7 71. Be6 Kd6 72. Kxb6 Kxe6
73. a5 Kd7 74. Kc5 Kc7 75. b6+ Kb7 76. Kd6 Nc6 77. Ke6 Nxa5 78. Kf6 Nc4 79. Kg6
Ne5+ 80. Kxh6 Nf3 81. Kg6 Kxb6 82. Kf5 Kc6 83. Ke4 Nh4 0-1

[Event "BL 0405 SV Wattenscheid - SF Katernberg"]
[Site "?"]
[Date "2004.11.27"]
[Round "3.7"]
[White "Thesing, Matthias"]
[Black "Holzke, Frank Dr"]
[Result "1/2-1/2"]
[WhiteElo "2420"]
[BlackElo "2492"]
[PlyCount "69"]
[EventDate "2004.??.??"]

1. e4 e5 2. Nf3 Nc6 3. Bb5 a6 4. Ba4 Nf6 5. d3 b5 6. Bb3 Be7 7. a4 Bb7 8. O-O
O-O 9. axb5 axb5 10. Rxa8 Bxa8 11. Bg5 b4 12. Qe1 h6 13. Bxf6 Bxf6 14. Bd5 Qb8
15. Nbd2 Ne7 16. Bb3 d5 17. Qe3 dxe4 18. Nxe4 Nf5 19. Qc5 Qb6 20. Qxb6 cxb6 21.
Ra1 Rd8 22. Kf1 Bxe4 23. dxe4 Nd4 24. Nxd4 Rxd4 25. Ra8+ Kh7 26. Bxf7 Rxe4 27.
Rb8 Rd4 28. Rxb6 Rd2 29. h4 e4 30. h5 Rxf2+ 31. Kxf2 Bd4+ 32. Ke2 Bxb6 33. Bg6+
Kg8 34. Bxe4 Bd4 35. b3 1/2-1/2

[Event "BL 0405 SV Wattenscheid - SF Katernberg"]
[Site "?"]
[Date "2004.11.27"]
[Round "3.8"]
[White "Dinstuhl, Volkmar Dr"]
[Black "Scholz, Christian"]
[Result "1/2-1/2"]
[WhiteElo "2420"]
[BlackElo "2396"]
[PlyCount "94"]
[EventDate "2004.??.??"]

1. d4 d5 2. c4 dxc4 3. e3 Nf6 4. Bxc4 e6 5. Nf3 c5 6. O-O a6 7. Bd3 Nc6 8. Nc3
b6 9. Qe2 Bb7 10. dxc5 Bxc5 11. e4 Ng4 12. Bf4 Bd6 13. e5 Ngxe5 14. Nxe5 Nxe5
15. Bxe5 Bxe5 16. Qxe5 Qxd3 17. Qc7 Qd7 18. Qxb6 Qc6 19. Qxc6+ Bxc6 20. Rfd1
Ke7 21. Rd4 Rab8 22. Rd2 h5 23. Rad1 a5 24. f3 h4 25. Kf2 Rh5 26. Re1 Rf5 27.
Re3 g5 28. h3 Rf4 29. Re5 Rf5 30. Rxf5 exf5 31. Ne2 Rd8 32. Rxd8 Kxd8 33. Nd4
Bd5 34. b3 f4 35. Ke2 Ke7 36. Kd3 Kd6 37. Nb5+ Ke5 38. Na3 a4 39. Nc4+ Ke6 40.
bxa4 f5 41. a3 Bc6 42. Kd4 Bxa4 43. Kc5 Bd1 44. Nd2 Ke5 45. Nc4+ Ke6 46. Nd2
Ke5 47. Nc4+ Ke6 1/2-1/2

[Event "BL 0405 Solinger SG - SV Mülheim Nord"]
[Site "?"]
[Date "2004.11.27"]
[Round "3.2"]
[White "Naumann, Alexander"]
[Black "Fridman, Daniel"]
[Result "1/2-1/2"]
[WhiteElo "2538"]
[BlackElo "2578"]
[PlyCount "39"]
[EventDate "2004.??.??"]

1. e4 c6 2. d4 d5 3. Nd2 dxe4 4. Nxe4 Bf5 5. Ng3 Bg6 6. h4 h6 7. Nf3 Nd7 8. h5
Bh7 9. Bd3 Bxd3 10. Qxd3 e6 11. Bd2 Ngf6 12. O-O-O Be7 13. Kb1 O-O 14. Ne4 Nxe4
15. Qxe4 Nf6 16. Qe2 Qd5 17. Ne5 Qxd4 18. Bxh6 Qe4 19. Qxe4 Nxe4 20. Be3
1/2-1/2

[Event "BL 0405 Solinger SG - SV Mülheim Nord"]
[Site "?"]
[Date "2004.11.27"]
[Round "3.3"]
[White "Levin, Felix"]
[Black "Hoffmann, Michael"]
[Result "1/2-1/2"]
[WhiteElo "2498"]
[BlackElo "2468"]
[PlyCount "27"]
[EventDate "2004.??.??"]

1. d4 Nf6 2. c4 e6 3. Nf3 d5 4. e3 a6 5. b3 c5 6. cxd5 Nxd5 7. Be2 cxd4 8. Nxd4
Bb4+ 9. Bd2 Bc5 10. Nc3 Bxd4 11. exd4 Nc6 12. Nxd5 Qxd5 13. Bf3 Qd6 14. Be3
1/2-1/2

[Event "BL 0405 Solinger SG - SV Mülheim Nord"]
[Site "?"]
[Date "2004.11.04"]
[Round "3.4"]
[White "Werle, Jan"]
[Black "Schebler, Gerhard"]
[Result "1/2-1/2"]
[WhiteElo "2457"]
[BlackElo "2496"]
[PlyCount "168"]
[EventDate "27.11.04"]

1. Nf3 Nf6 2. c4 g6 3. Nc3 Bg7 4. e4 d6 5. d4 O-O 6. Be2 e5 7. O-O Nc6 8. d5
Ne7 9. b4 Nh5 10. Re1 f5 11. Ng5 Nf6 12. Bf3 c6 13. Bb2 h6 14. Ne6 Bxe6 15.
dxe6 fxe4 16. Nxe4 Nxe4 17. Rxe4 d5 18. cxd5 cxd5 19. Rxe5 Bxe5 20. Bxe5 Kh7
21. Qd2 Rc8 22. Re1 Rc4 23. Bd4 Qd6 24. Bc5 Rxc5 25. bxc5 Qxc5 26. h4 h5 27.
Qb2 b6 28. Qe5 d4 29. Qe4 Qd6 30. Bxh5 Kg7 31. Bf3 d3 32. Rd1 Rf4 33. Qe3 Qd4
34. Qxd3 Qxd3 35. Rxd3 Rxh4 36. Bd1 Re4 37. Bb3 a5 38. a4 Rb4 39. Kh2 Kf6 40.
Kh3 b5 41. Rf3+ Ke5 42. axb5 Rxb5 43. Ba4 Rb4 44. Bd7 Rf4 45. Re3+ Kf6 46. Re2
Rd4 47. g3 g5 48. Rb2 Rb4 49. Rc2 a4 50. Ra2 Ng6 51. Kg2 Ke7 52. Bxa4 Kxe6 53.
Bc2 Ne5 54. Ra6+ Kf7 55. Bf5 Rb5 56. Be4 Rc5 57. Kf1 Rb5 58. Ra2 Rb6 59. Ke2
Kf6 60. Ke3 Rd6 61. Rc2 Ng4+ 62. Ke2 Rb6 63. f3 Ne5 64. Rc3 Ra6 65. Ke3 Rd6 66.
Rc8 Rd7 67. Rf8+ Rf7 68. Rh8 Rd7 69. Rc8 Ra7 70. Kd4 Ra4+ 71. Kd5 Ra5+ 72. Kd6
Ra6+ 73. Kc5 Ra7 74. Rd8 Rd7 75. Rh8 Rc7+ 76. Kb5 Nf7 77. Rg8 Nd6+ 78. Kb6 Rg7
79. Rd8 Nxe4 80. fxe4 Re7 81. Rd6+ Ke5 82. Rd5+ Kxe4 83. Rxg5 Kf3 84. Rg8 Re4
1/2-1/2

[Event "BL 0405 Solinger SG - SV Mülheim Nord"]
[Site "?"]
[Date "2004.11.27"]
[Round "3.5"]
[White "Saltaev, Mihail"]
[Black "Ernst, Sipke"]
[Result "1/2-1/2"]
[WhiteElo "2485"]
[BlackElo "2521"]
[PlyCount "27"]
[EventDate "2004.??.??"]

1. e4 e5 2. Nf3 Nc6 3. Bb5 a6 4. Ba4 Nf6 5. d3 d6 6. c4 g6 7. Nc3 Bd7 8. Nd5
Bg7 9. h3 h6 10. Be3 O-O 11. g4 Nxd5 12. cxd5 Ne7 13. Bxd7 Qxd7 14. Rc1 1/2-1/2

[Event "BL 0405 Solinger SG - SV Mülheim Nord"]
[Site "?"]
[Date "2004.11.27"]
[Round "3.6"]
[White "Drabke, Lorenz Maximilian"]
[Black "Hausrath, Daniel"]
[Result "1/2-1/2"]
[WhiteElo "2433"]
[BlackElo "2478"]
[PlyCount "29"]
[EventDate "2004.??.??"]

1. e4 c5 2. Nf3 Nc6 3. Bb5 Nf6 4. Qe2 g6 5. e5 Nd5 6. Qc4 Ncb4 7. Qb3 a6 8. Bc4
e6 9. a4 d6 10. O-O dxe5 11. Nxe5 Bg7 12. Nd3 Nxd3 13. Bxd3 Nf4 14. Bc4 Qd4 15.
Nc3 1/2-1/2

[Event "BL 0405 Solinger SG - SV Mülheim Nord"]
[Site "?"]
[Date "2004.11.27"]
[Round "3.7"]
[White "Wegener, Olaf"]
[Black "Emms, John M"]
[Result "1/2-1/2"]
[WhiteElo "2417"]
[BlackElo "2504"]
[PlyCount "72"]
[EventDate "2004.??.??"]

1. e4 e5 2. Nf3 Nc6 3. Bb5 a6 4. Ba4 Nf6 5. O-O b5 6. Bb3 Bc5 7. c3 d6 8. a4
Bb7 9. d3 h6 10. Na3 O-O 11. Bd2 Bxa3 12. Rxa3 Na5 13. Bc2 c5 14. Qe2 Re8 15.
b4 cxb4 16. cxb4 Nc6 17. axb5 axb5 18. Rxa8 Qxa8 19. Qe3 Qd8 20. h3 Nd7 21. Bb3
Qb6 22. Qxb6 Nxb6 23. Rc1 Rc8 24. Kf1 Kf8 25. Ke2 Ra8 26. Be3 Nd7 27. Bd2 Nf6
28. Rb1 Ke7 29. Ke3 Ra3 30. Bc1 Ra6 31. Bd2 Ra3 32. Bc1 Ra6 33. Bd2 g5 34. Bc3
Ra3 35. Ne1 Nh5 36. Nc2 Ra8 1/2-1/2